=LDR 00000nam 2200000 4500 =001 INLIS000000000063292 =005 20240221123308 =035 ##$$a 0010-0224000162 =007 ta =008 240221################g##########1#ind## =020 ##$$a 978-602-257-112-4 =082 ##$$a 899.221 3 =084 ##$$a 899.221 3 Ima d =245 1#$$a Diferent : $b Ketika perbedaan bukan penghalang /$c Ima T. Lestari; Editor, Said Kamil =250 ##$$a Cetakan 1 =300 ##$$a xii, 372 halaman ; $c 20 cm =650 #4$$a Fiksi Indonesia =700 #$$a Said Kamil (editor) =264 ##$$a Solo :$b Tinta Medina,$c 2015 =336 ##$$a Teks$2 rdacontent =337 ##$$a Tanpa perantara$2 rdamedia =338 ##$$a Volume$2 rdacarrier =990 ##$$a 06060606 =990 ##$$a 06060606 =990 ##$$a 06060606